00641nam a2200193Ia 4500952013300000999001700133003000400150005001700154008004100171040000900212082002200221100002500243245005200268250001200320260004400332300000900376650001200385942005000397 00102ddc40708LITaMESbMEScENGd2019-02-20g345.00l0o801.950904 WAL/Lp36817r2019-02-20 00:00:00w2019-02-20yBKzGR14R3 c14715d14715OSt20201020120205.0190216s9999||||xx |||||||||||||| ||und|| coclc a801.950904bWAL/L aWalder, Dennis95492 0aLiterature In The Modern World /cDennis Walder a2nd Ed. bOxford University Press,c2010.aNoida: a540p aEnglish cBK2ddch801.950904iWAL/Lk801.950904mWAL/L